00325nam a2200121Ia 4500008004100000041000800041082001500049100002000064245003500084260004300119300003000162365001100192240624s9999 xx 000 0 und d aeng a658.45 SCA aSCANNELL EDWARD aBIG BOOK OF PRESENTATION GAMES c2007aNew DelhibMcGraw-Hill Education axi, : 211 : p. : cm. ; 25 cRSb35